00819nam a22002537a 45000010005000000030006000050050017000110080041000280200018000690400029000870500017001160820011001331000020001442450090001642600041002543000048002954900019003435050008003625200068003705210029004385210020004676500033004877000045005208237FISKH20250904115141.0250904b cb ||||| |||| 00| 0 eng d a9780736844543 aFISKHbengcFISKHdFISKH aGB601.2 .S37 a551.44 aSchuh, Mari C.  aWhat are caves ? /cBy Mari C. Schuh , Gail Sounders-Smith , Ph.D. Consulting Editor  aMinnesota : bPebble Books , c2002. a24 pages : bcolor illustrations ;c18 cm . aEarth Features aK  aSimple text and photographs introduce caves and their features.8 a510 bLexile estimate 8 aK bRaz-Plus  aCaves vJuvenile Literature  aSounders-Smith, GaileConsulting Editor